| 000 | 00886nam a2200265Ia 4500 | ||
|---|---|---|---|
| 003 | OSt | ||
| 005 | 20221005024724.0 | ||
| 006 | a|||||r|||| 00| 0 | ||
| 007 | ta | ||
| 008 | 221004b |||||||| |||| 00| 0 eng d | ||
| 020 |
_a9780754639992 (hbk) _c3664 |
||
| 024 | _a108238 | ||
| 037 |
_b1130, 11/03/2011, Pioneer Books Distributors _cTextual |
||
| 040 |
_aCRL _cCRL _beng |
||
| 041 |
_2eng _aeng |
||
| 082 | _aDelta0aY:1, P6 | ||
| 100 |
_aHume Lynne Ed. _9580971 |
||
| 245 | 0 |
_aPopular spiritualities _b The politics of contemporary enchantment |
|
| 260 |
_aBurlington _bAshgate U.S.A _c2006 |
||
| 300 |
_axxii, 203p. _ccm. |
||
| 650 | _aSPIRITUALISM | ||
| 700 |
_a McPhillips Kathleen Ed. _9580972 |
||
| 942 |
_hDelta0aY:1, P6 _cTEXL _2cc |
||
| 999 |
_c933323 _d933323 |
||